000 00567nam a2200181Ia 4500
003 GCL
008 140319s9999 xx 000 0 ara d
040 _aGCL /
_cGCL
082 0 4 _a210
_bع ن
100 1 _aعلى عبدالحليم محمود
245 1 0 _aنحو منهج بحوث اسلامى /
_cعلى عبدالحليم محمود
260 _a[S.N] :
_bدار الوفاء للطباعة والنشر والتوزيع ،
_c1989
300 _a103 ص
490 _a
650 0 4 _aالاسلام والعلم
650 0 4 _aالابحاث
942 _2ddc
_cBK
999 _c52601
_d52601